[Event "2FoglarVeterans_GM_A"]
[Site "?"]
[Date "2006.??.??"]
[Round "?"]
[White "Schuster, Peter (GER)"]
[Black "Marusiak, Lech (POL)"]
[Result "1-0"]
[WhiteElo "2454"]
[BlackElo "2460"]
[PlyCount "67"]
[EventDate "2006.??.??"]
[EventType "corr"]

1. Nf3 Nf6 2. c4 e6 3. d4 c5 4. d5 d6 5. Nc3 exd5 6. cxd5 g6 7. Bf4 Bg7 8. Qa4+
Bd7 9. Qb3 Qc7 10. e4 O-O 11. Be2 Nh5 12. Be3 a6 13. Nd2 b5 14. Bxh5 gxh5 15.
O-O h4 16. Bf4 Bc8 17. a4 b4 18. Nd1 Qe7 19. Re1 Nd7 20. Nc4 Ne5 21. Nde3 Re8
22. Rac1 Rb8 23. Qd1 h3 24. Bxe5 dxe5 25. g3 Qf6 26. a5 Qg6 27. d6 Be6 28. Nd5
Bxd5 29. Qxd5 Red8 30. Rcd1 Qe6 31. Re3 h5 32. b3 Qxd5 33. Rxd5 Rbc8 34. Rf3
1-0

[Event "2FoglarVeterans_GM_A"]
[Site "?"]
[Date "2006.??.??"]
[Round "?"]
[White "Morais, Gustavo (POR)"]
[Black "Schuster, Peter (GER)"]
[Result "1/2-1/2"]
[WhiteElo "2365"]
[BlackElo "2454"]
[PlyCount "36"]
[EventDate "2006.??.??"]
[EventType "corr"]

1. e4 e5 2. Nf3 Nc6 3. Bb5 Nf6 4. O-O Nxe4 5. d4 Be7 6. Qe2 Nd6 7. Bxc6 bxc6 8.
dxe5 Nb7 9. Nc3 O-O 10. Re1 Nc5 11. Nd4 Ne6 12. Be3 Rb8 13. Nb3 a6 14. f4 g6
15. Rf1 d5 16. exd6 cxd6 17. f5 Ng7 18. Nd4 Bd7 1/2-1/2

[Event "2FoglarVeterans_GM_A"]
[Site "?"]
[Date "2006.??.??"]
[Round "?"]
[White "Bauer, Manfred (GER)"]
[Black "Bures, Jilji"]
[Result "1/2-1/2"]
[WhiteElo "2451"]
[BlackElo "2439"]
[PlyCount "58"]
[EventDate "2006.??.??"]
[EventType "corr"]

1. e4 c5 2. Nf3 Nc6 3. d4 cxd4 4. Nxd4 Nf6 5. Nc3 e5 6. Ndb5 d6 7. Bg5 a6 8.
Na3 b5 9. Nd5 Be7 10. Bxf6 Bxf6 11. c3 O-O 12. Nc2 Bg5 13. a4 bxa4 14. Rxa4 a5
15. Bc4 Kh8 16. Nce3 Ne7 17. O-O Nxd5 18. Bxd5 Bd7 19. Ra2 Rc8 20. Qd3 a4 21.
Nf5 Qb6 22. Bc4 Be6 23. Rxa4 Bxc4 24. Rxc4 Rxc4 25. Qxc4 g6 26. h4 gxf5 27.
hxg5 fxe4 28. Qxe4 Qxb2 29. Qd3 Kg8 1/2-1/2

[Event "2FoglarVeterans_GM_A"]
[Site "?"]
[Date "2006.??.??"]
[Round "?"]
[White "Sage, Francois (FRA)"]
[Black "Marusiak, Lech (POL)"]
[Result "1-0"]
[WhiteElo "2454"]
[BlackElo "2365"]
[PlyCount "73"]
[EventDate "2006.??.??"]
[EventType "corr"]

1. d4 Nf6 2. c4 g6 3. g3 d5 4. cxd5 Nxd5 5. Bg2 Bg7 6. Nf3 O-O 7. O-O Nb6 8.
Nc3 Nc6 9. d5 Na5 10. e4 c6 11. Bf4 cxd5 12. exd5 Nac4 13. Qe2 Bg4 14. h3 e5
15. dxe6 Bxe6 16. Rad1 Bd7 17. Nd4 Qc8 18. Kh2 Re8 19. Qc2 Na5 20. Qc1 a6 21.
b3 Nc6 22. Nce2 Ne7 23. Qxc8 Bxc8 24. Nc3 Nf5 25. Nde2 a5 26. Rfe1 a4 27. Nb5
Rf8 28. g4 axb3 29. axb3 Nh4 30. Bh1 Bd7 31. Ned4 Ra2 32. Kg3 g5 33. Bxg5 Ng6
34. Nc3 Ra5 35. Be3 Bc8 36. Ndb5 Nd7 37. Be4 1-0

[Event "2FoglarVeterans_GM_A"]
[Site "?"]
[Date "2006.??.??"]
[Round "?"]
[White "Schuster, Peter (GER)"]
[Black "Helbich, Jan (SVK)"]
[Result "1/2-1/2"]
[WhiteElo "2454"]
[BlackElo "2452"]
[PlyCount "50"]
[EventDate "2006.??.??"]
[EventType "corr"]

1. Nf3 Nf6 2. c4 e6 3. d4 b6 4. e3 Bb7 5. Bd3 d5 6. cxd5 exd5 7. Nc3 Bd6 8. O-O
O-O 9. Nb5 Be7 10. Qc2 c5 11. b3 Nc6 12. a3 a6 13. Nc3 Rc8 14. dxc5 bxc5 15.
Bb2 Na5 16. Ne2 g6 17. Qd1 c4 18. Bc2 Ne4 19. b4 c3 20. Nxc3 Nxc3 21. Qd3 Bf6
22. bxa5 Qxa5 23. Nd4 Bxd4 24. exd4 Rfe8 25. Bd1 Nxd1 1/2-1/2

[Event "2FoglarVeterans_GM_A"]
[Site "?"]
[Date "2006.??.??"]
[Round "?"]
[White "Schakel, Corky (USA)"]
[Black "Morais, Gustavo (POR)"]
[Result "1/2-1/2"]
[WhiteElo "2392"]
[BlackElo "2365"]
[PlyCount "87"]
[EventDate "2006.??.??"]
[EventType "corr"]

1. e4 c5 2. Nf3 d6 3. Bb5+ Bd7 4. Bxd7+ Qxd7 5. O-O Nc6 6. c3 Nf6 7. d4 Nxe4 8.
d5 Ne5 9. Nxe5 dxe5 10. Re1 Nf6 11. Rxe5 O-O-O 12. c4 e6 13. Bg5 Bd6 14. Bxf6
gxf6 15. Rh5 Be5 16. Nc3 Kb8 17. Qe2 Rde8 18. Qf3 Qc7 19. Re1 Qb6 20. g3 Qb4
21. Rexe5 fxe5 22. dxe6 fxe6 23. Qe2 Qa5 24. Qxe5+ Qc7 25. Qxc7+ Kxc7 26. Rxc5+
Kd7 27. Ra5 a6 28. Ne4 Rd8 29. b3 Ke7 30. Kg2 Rd1 31. Rc5 h6 32. f4 b6 33. Rc7+
Rd7 34. Rc6 Rb8 35. c5 bxc5 36. Nxc5 Rd6 37. Rc7+ Kd8 38. Rh7 Rc6 39. Rh8+ Kc7
40. Rxb8 Kxb8 41. b4 a5 42. a3 axb4 43. axb4 Kc7 44. Kf3 1/2-1/2

[Event "2FoglarVeterans_GM_A"]
[Site "?"]
[Date "2006.??.??"]
[Round "4"]
[White "Ciesielski, Stefan (POL)"]
[Black "Janos, Jozef (SVK)"]
[Result "0-1"]
[WhiteElo "2571"]
[BlackElo "2395"]
[PlyCount "28"]
[EventDate "2006.??.??"]
[EventType "corr"]

1. c4 c5 2. Nf3 Nf6 3. Nc3 e6 4. g3 b6 5. Bg2 Bb7 6. O-O Be7 7. d4 cxd4 8. Qxd4
d6 9. Bg5 a6 10. Bxf6 Bxf6 11. Qf4 O-O 12. Rfd1 Be7 13. Ne4 Bxe4 14. Rac1 Bxf3
0-1

[Event "2FoglarVeterans_GM_A"]
[Site "?"]
[Date "2006.??.??"]
[Round "?"]
[White "Morais, Gustavo (POR)"]
[Black "Sage, Francois (FRA)"]
[Result "1/2-1/2"]
[WhiteElo "2365"]
[BlackElo "2454"]
[PlyCount "43"]
[EventDate "2006.??.??"]
[EventType "corr"]

1. e4 e5 2. Nf3 Nf6 3. Nxe5 d6 4. Nf3 Nxe4 5. d4 d5 6. Bd3 Bd6 7. O-O O-O 8. c4
c6 9. Re1 Bf5 10. Qc2 Bg6 11. Nc3 Nxc3 12. Bxg6 hxg6 13. Qxc3 dxc4 14. Qxc4 Na6
15. Ne5 Bb4 16. Re3 Qd5 17. Qxd5 cxd5 18. Rb3 b6 19. Nc6 Bd6 20. Be3 Nc7 21.
Rc1 f6 22. g3 1/2-1/2

[Event "2FoglarVeterans_GM_A"]
[Site "?"]
[Date "2006.??.??"]
[Round "?"]
[White "Schakel, Corky (USA)"]
[Black "Bures, Jilji"]
[Result "1/2-1/2"]
[WhiteElo "2392"]
[BlackElo "2439"]
[PlyCount "84"]
[EventDate "2006.??.??"]
[EventType "corr"]

1. e4 c5 2. Nf3 Nc6 3. Bb5 e6 4. Bxc6 bxc6 5. O-O Ne7 6. b3 Ng6 7. Bb2 f6 8. d4
cxd4 9. Qxd4 e5 10. Qa4 Qb6 11. c4 a5 12. Ba3 Nf4 13. Bxf8 Rxf8 14. Rd1 Qb4 15.
Qxb4 axb4 16. g3 Ne6 17. a4 Ke7 18. Nbd2 d6 19. Ne1 Nd4 20. Nef3 Ne2+ 21. Kg2
Nc3 22. Rdc1 Be6 23. Ne1 f5 24. exf5 Bxf5 25. Nef3 Ra5 26. Re1 Kd7 27. h4 h6
28. Re3 Re8 29. Rae1 Re6 30. Ng1 g5 31. hxg5 hxg5 32. Ne2 Nxe2 33. R3xe2 Rh6
34. Re3 g4 35. f4 gxf3+ 36. Rxf3 Bh3+ 37. Kg1 Ke7 38. Rf4 Be6 39. Rh4 Rxh4 40.
gxh4 Ra8 41. Kf2 Rf8+ 42. Kg3 Rg8+ 1/2-1/2

[Event "2FoglarVeterans_GM_A"]
[Site "?"]
[Date "2006.??.??"]
[Round "?"]
[White "Morais, Gustavo (POR)"]
[Black "Ward, Richard (ENG)"]
[Result "1/2-1/2"]
[WhiteElo "2365"]
[BlackElo "2415"]
[PlyCount "95"]
[EventDate "2006.??.??"]
[EventType "corr"]

1. e4 e5 2. Nf3 Nc6 3. Bb5 Nf6 4. O-O Nxe4 5. d4 Nd6 6. Bxc6 dxc6 7. dxe5 Nf5
8. Qxd8+ Kxd8 9. Nc3 h6 10. Rd1+ Ke8 11. Ne2 Ne7 12. h3 Ng6 13. a4 a5 14. b3
Bf5 15. Nfd4 Bd7 16. f4 Bc5 17. Be3 Rd8 18. Kf2 Ne7 19. c4 b6 20. Nf3 Bxe3+ 21.
Kxe3 h5 22. Rd2 Nf5+ 23. Ke4 g6 24. Rad1 Ke7 25. Ng5 c5 26. Nc3 Bc6+ 27. Nd5+
Ke8 28. g4 hxg4 29. hxg4 Nd4 30. Rd3 Bxd5+ 31. cxd5 Rh2 32. Re3 Ke7 33. Nf3
Nxf3 34. Rxf3 c6 35. d6+ Kd7 36. f5 g5 37. Re3 Rh4 38. Kf3 Rh6 39. Ke2 Rdh8 40.
Kd3 Rh4 41. Re4 Rh2 42. Kc3 R8h3+ 43. Rd3 Rxd3+ 44. Kxd3 Rh3+ 45. Re3 Rh6 46.
Re1 Rh3+ 47. Kc4 Rh8 48. Re3 1/2-1/2

[Event "2FoglarVeterans_GM_A"]
[Site "?"]
[Date "2006.??.??"]
[Round "?"]
[White "Helbich, Jan (SVK)"]
[Black "Bauer, Manfred (GER)"]
[Result "1-0"]
[WhiteElo "2452"]
[BlackElo "2451"]
[PlyCount "73"]
[EventDate "2006.??.??"]
[EventType "corr"]

1. e4 c5 2. Nf3 d6 3. d4 cxd4 4. Nxd4 Nf6 5. Nc3 g6 6. Be3 Bg7 7. f3 O-O 8. Qd2
Nc6 9. O-O-O d5 10. exd5 Nxd5 11. Nxc6 bxc6 12. Bd4 e5 13. Bc5 Be6 14. Ne4 Re8
15. h4 h6 16. g4 Qc7 17. g5 h5 18. Bc4 Red8 19. Qf2 Nf4 20. Bxe6 Nxe6 21. Bd6
Qb6 22. Rd2 Rd7 23. Rhd1 Qa5 24. Kb1 Rad8 25. c3 Qb5 26. Qe3 a5 27. Qd3 Qb6 28.
Qc4 Kh7 29. a4 Kg8 30. Ka2 Kh7 31. Nc5 Rxd6 32. Rxd6 Rxd6 33. Rxd6 Qxc5 34.
Qxc5 Nxc5 35. Rxc6 Nd3 36. Rc7 Bf8 37. Rxf7+ 1-0

[Event "2FoglarVeterans_GM_A"]
[Site "?"]
[Date "2006.??.??"]
[Round "?"]
[White "Sage, Francois (FRA)"]
[Black "Helbich, Jan (SVK)"]
[Result "1/2-1/2"]
[WhiteElo "2454"]
[BlackElo "2452"]
[PlyCount "48"]
[EventDate "2006.??.??"]
[EventType "corr"]

1. d4 Nf6 2. c4 e6 3. Nc3 Bb4 4. e3 c5 5. Nge2 b6 6. a3 Ba5 7. Rb1 Na6 8. f3
O-O 9. d5 exd5 10. cxd5 b5 11. d6 Bb7 12. Kf2 b4 13. Na4 Qe8 14. b3 Rc8 15. Ng3
Kh8 16. Bc4 Nb8 17. Qd3 Nc6 18. Nxc5 Ne5 19. Qd4 Rxc5 20. Qxc5 Bb6 21. Qb5
Nfg4+ 22. fxg4 Nxg4+ 23. Ke1 Bxg2 24. Rg1 Bxe3 1/2-1/2

[Event "2FoglarVeterans_GM_A"]
[Site "?"]
[Date "2006.??.??"]
[Round "?"]
[White "Brousek, Jiri"]
[Black "Morais, Gustavo (POR)"]
[Result "0-1"]
[WhiteElo "2353"]
[BlackElo "2365"]
[PlyCount "70"]
[EventDate "2006.??.??"]
[EventType "corr"]

1. d4 Nf6 2. Nf3 g6 3. Nc3 d5 4. Bf4 Bg7 5. e3 O-O 6. Be2 c6 7. h4 Qb6 8. Na4
Qa5+ 9. c3 Nbd7 10. b4 Qd8 11. Rc1 h6 12. Nc5 a5 13. a3 axb4 14. axb4 Nxc5 15.
bxc5 Ra3 16. O-O Ne4 17. c4 Bf5 18. Qe1 Ra2 19. cxd5 cxd5 20. Bd3 Qd7 21. Qb4
Rfa8 22. Bb1 R2a4 23. Qe1 Qe6 24. Ne5 g5 25. hxg5 hxg5 26. Bh2 g4 27. Bf4 Bxe5
28. Bxe5 f6 29. Bc7 Kf7 30. Bc2 Ra2 31. Bb1 Rb2 32. Rc2 Rxc2 33. Bxc2 Ng5 34.
e4 Bxe4 35. Bxe4 dxe4 0-1

[Event "2FoglarVeterans_GM_A"]
[Site "?"]
[Date "2006.??.??"]
[Round "?"]
[White "Schuster, Peter (GER)"]
[Black "Janos, Jozef (SVK)"]
[Result "1/2-1/2"]
[WhiteElo "2454"]
[BlackElo "2395"]
[PlyCount "46"]
[EventDate "2006.??.??"]
[EventType "corr"]

1. Nf3 Nf6 2. c4 e6 3. d4 d5 4. Nc3 c6 5. e3 Nbd7 6. Bd3 Be7 7. O-O O-O 8. e4
dxe4 9. Nxe4 Nxe4 10. Bxe4 Nf6 11. Bc2 c5 12. Qd3 b6 13. Bg5 g6 14. Rad1 Bb7
15. Bh6 Qc7 16. Bxf8 Rxf8 17. Qe2 cxd4 18. Rxd4 Bd6 19. Rh4 h5 20. Rd1 Bf4 21.
g3 Bd6 22. Rhd4 Bc5 23. Rf4 Ng4 1/2-1/2

[Event "2FoglarVeterans_GM_A"]
[Site "?"]
[Date "2006.??.??"]
[Round "?"]
[White "Olsen, Svein (NOR)"]
[Black "Brousek, Jiri"]
[Result "1/2-1/2"]
[WhiteElo "2428"]
[BlackElo "2353"]
[PlyCount "77"]
[EventDate "2006.??.??"]
[EventType "corr"]

1. d4 e6 2. c4 f5 3. g3 Nf6 4. Bg2 c6 5. Nf3 d5 6. Qc2 Bd6 7. Bg5 O-O 8. Nbd2
b6 9. O-O Bb7 10. e3 Nbd7 11. Rac1 c5 12. Rfe1 Rc8 13. Qa4 Bc6 14. Qc2 Bb7 15.
Qa4 Bc6 16. Qa3 Qc7 17. Bf4 Ne4 18. Red1 Bxf4 19. exf4 Qb7 20. dxc5 bxc5 21.
cxd5 exd5 22. Nb3 Qb6 23. Ng5 c4 24. Nd4 Ndc5 25. Nxc6 Rxc6 26. Bxe4 dxe4 27.
Rxc4 h6 28. Rxc5 Rxc5 29. Ne6 Qxe6 30. Qxc5 Qxa2 31. b4 Rf7 32. Rd8+ Kh7 33. h4
Qe6 34. Kh2 a6 35. Rd6 Qa2 36. Kg2 Qa3 37. Rd8 Qb3 38. Qc8 Rf6 39. Qc5 1/2-1/2

[Event "2FoglarVeterans_GM_A"]
[Site "?"]
[Date "2006.??.??"]
[Round "?"]
[White "Schakel, Corky (USA)"]
[Black "Sage, Francois (FRA)"]
[Result "1/2-1/2"]
[WhiteElo "2392"]
[BlackElo "2454"]
[PlyCount "117"]
[EventDate "2006.??.??"]
[EventType "corr"]

1. e4 e5 2. Nf3 Nf6 3. d4 Nxe4 4. Bd3 d5 5. Nxe5 Nd7 6. Nxd7 Bxd7 7. O-O Bd6 8.
Qh5 Nf6 9. Qh4 Be6 10. Nc3 Be7 11. Re1 Qd7 12. Qg3 O-O-O 13. Bd2 Bd6 14. f4 Bf8
15. Re2 g6 16. Qh4 Bg7 17. f5 gxf5 18. Bh6 Ne8 19. Bxg7 Nxg7 20. Rae1 Rdg8 21.
Re5 h5 22. Ne2 Ne8 23. Nf4 Rg4 24. Qf2 Rhg8 25. Be2 Nf6 26. Bxg4 Nxg4 27. Qe2
Nxe5 28. Qxe5 c6 29. Nxh5 Qd8 30. Re2 Qg5 31. Nf4 Re8 32. Nd3 Qg6 33. Qf4 Qg4
34. Kf2 Qh5 35. Ke1 b6 36. Qd6 Kb7 37. g3 Qh6 38. h4 Qf8 39. Qxf8 Rxf8 40. Nf4
Re8 41. Re3 a5 42. Re2 Kc7 43. Rh2 Rh8 44. Kf2 Kd6 45. Kf3 Ke7 46. a4 Kf6 47.
c3 c5 48. Rd2 Rd8 49. b3 Rb8 50. Ke3 Rg8 51. Ne2 Ke7 52. Kf3 Rc8 53. Kf4 Rg8
54. Ke3 Kf6 55. Kf3 Re8 56. Nf4 Rb8 57. Ke2 Kg7 58. Ke3 Rc8 59. Rg2 1/2-1/2

[Event "2FoglarVeterans_GM_A"]
[Site "?"]
[Date "2006.??.??"]
[Round "?"]
[White "Sage, Francois (FRA)"]
[Black "Bures, Jilji"]
[Result "1/2-1/2"]
[WhiteElo "2454"]
[BlackElo "2439"]
[PlyCount "92"]
[EventDate "2006.??.??"]
[EventType "corr"]

1. d4 d5 2. c4 e6 3. Nc3 Nf6 4. cxd5 exd5 5. Bg5 c6 6. Qc2 Be7 7. e3 Nbd7 8.
Bd3 O-O 9. Nf3 Re8 10. O-O Nf8 11. h3 Ne4 12. Bf4 f5 13. Ne5 Bg5 14. Bxg5 Qxg5
15. b4 Ng6 16. Nf3 Qf6 17. b5 Bd7 18. bxc6 Bxc6 19. Ne2 Rac8 20. Qb3 Nh4 21.
Nxh4 Qxh4 22. Qb2 g5 23. Rac1 Rc7 24. Bb5 f4 25. Qb4 Qh6 26. Nc3 Nxc3 27. Rxc3
f3 28. Qa5 fxg2 29. Kxg2 Rf7 30. f3 Ref8 31. Qa4 Rf6 32. Qa5 Qg6 33. Bxc6 bxc6
34. Qc7 h5 35. Qg3 g4 36. hxg4 hxg4 37. f4 Qe4+ 38. Kf2 Rg6 39. Ke2 Rb8 40. Rb3
Qc2+ 41. Ke1 Rxb3 42. axb3 Qc3+ 43. Ke2 Qxb3 44. f5 Qc2+ 45. Ke1 Qb1+ 46. Ke2
Qc2+ 1/2-1/2

[Event "2FoglarVeterans_GM_A"]
[Site "?"]
[Date "2006.??.??"]
[Round "?"]
[White "Marusiak, Lech (POL)"]
[Black "Sykora, Josef"]
[Result "1/2-1/2"]
[WhiteElo "2460"]
[BlackElo "2414"]
[PlyCount "51"]
[EventDate "2006.??.??"]
[EventType "corr"]

1. d4 d5 2. c4 c6 3. Nf3 e6 4. Nc3 Nf6 5. e3 Nbd7 6. Bd3 dxc4 7. Bxc4 b5 8. Bd3
Bb7 9. O-O b4 10. Ne4 Be7 11. Nxf6+ Nxf6 12. e4 O-O 13. Qc2 h6 14. Be3 Rc8 15.
a3 bxa3 16. bxa3 c5 17. dxc5 Nd7 18. c6 Bxc6 19. Ba6 Rc7 20. Qd3 Bb5 21. Bc5
Bxc5 22. Rfc1 Ne5 23. Rxc5 Rxc5 24. Qc2 Qe7 25. a4 Qf6 26. h3 1/2-1/2

[Event "2FoglarVeterans_GM_A"]
[Site "?"]
[Date "2006.??.??"]
[Round "?"]
[White "Ward, Richard (ENG)"]
[Black "Janos, Jozef (SVK)"]
[Result "1/2-1/2"]
[WhiteElo "2415"]
[BlackElo "2395"]
[PlyCount "62"]
[EventDate "2006.??.??"]
[EventType "corr"]

1. e4 c5 2. Nf3 d6 3. d4 cxd4 4. Nxd4 Nf6 5. Nc3 a6 6. Be3 e5 7. Nb3 Be6 8. Qd2
Nbd7 9. f3 h5 10. a4 Be7 11. Be2 Rc8 12. O-O O-O 13. a5 Qc7 14. Rfd1 Rfd8 15.
Qe1 Qc6 16. Rac1 d5 17. exd5 Nxd5 18. Nxd5 Bxd5 19. c4 Be6 20. f4 Qa4 21. Qc3
exf4 22. Bxf4 Nc5 23. Nxc5 Bxc5+ 24. Kh1 Bb4 25. Rxd8+ Rxd8 26. Qg3 Bf8 27. Qg5
Rc8 28. Be3 Qb3 29. Bd4 Bg4 30. Bf1 Rc6 31. Qe5 Re6 1/2-1/2

[Event "2FoglarVeterans_GM_A"]
[Site "?"]
[Date "2006.??.??"]
[Round "?"]
[White "Sykora, Josef"]
[Black "Rufenacht, Matthias (SUI)"]
[Result "1/2-1/2"]
[WhiteElo "2414"]
[BlackElo "2387"]
[PlyCount "47"]
[EventDate "2006.??.??"]
[EventType "corr"]

1. e4 c5 2. Nf3 Nc6 3. d4 cxd4 4. Nxd4 Nf6 5. Nc3 e5 6. Ndb5 d6 7. Bg5 a6 8.
Na3 b5 9. Nd5 Be7 10. Bxf6 Bxf6 11. c3 Bg5 12. Nc2 O-O 13. a4 bxa4 14. Rxa4 a5
15. Bc4 Rb8 16. Ra2 Kh8 17. Nce3 Bxe3 18. Nxe3 Ne7 19. O-O f5 20. exf5 Nxf5 21.
Re1 Bb7 22. b3 Nxe3 23. Rxe3 Qb6 24. h3 1/2-1/2

[Event "2FoglarVeterans_GM_A"]
[Site "?"]
[Date "2006.??.??"]
[Round "?"]
[White "Rufenacht, Matthias (SUI)"]
[Black "Schuster, Peter (GER)"]
[Result "1/2-1/2"]
[WhiteElo "2387"]
[BlackElo "2454"]
[PlyCount "48"]
[EventDate "2006.??.??"]
[EventType "corr"]

1. e4 e5 2. Nf3 Nc6 3. Bb5 Nf6 4. O-O Nxe4 5. d4 a6 6. Ba4 b5 7. Bb3 d5 8. dxe5
Be6 9. c3 Bc5 10. Qe2 O-O 11. Be3 Qe7 12. Nbd2 Bxe3 13. Qxe3 Nxd2 14. Qxd2 Bg4
15. Qxd5 Bxf3 16. Qxf3 Nxe5 17. Qe4 Rfe8 18. Rae1 Qf8 19. Qf5 g6 20. Qf6 Nd3
21. Rd1 Red8 22. Qc6 Rd6 23. Qxc7 Rad8 24. Qb7 R8d7 1/2-1/2

[Event "2FoglarVeterans_GM_A"]
[Site "?"]
[Date "2006.??.??"]
[Round "?"]
[White "Rufenacht, Matthias (SUI)"]
[Black "Marusiak, Lech (POL)"]
[Result "1/2-1/2"]
[WhiteElo "2387"]
[BlackElo "2460"]
[PlyCount "65"]
[EventDate "2006.??.??"]
[EventType "corr"]

1. e4 c6 2. d4 d5 3. e5 Bf5 4. h4 h6 5. g4 Be4 6. f3 Bh7 7. e6 Qd6 8. exf7+
Kxf7 9. f4 Nf6 10. Nf3 Nxg4 11. Bg2 e6 12. Nc3 Na6 13. Ne5+ Nxe5 14. fxe5 Qd8
15. Be3 Ke7 16. Bh3 Kd7 17. h5 Bb4 18. Kd2 Qe7 19. a3 Bxc3+ 20. Kxc3 Be4 21.
Rf1 c5 22. Kb3 c4+ 23. Ka2 Raf8 24. Qd2 Kc8 25. Bg2 Bxg2 26. Qxg2 Rxf1 27. Rxf1
Rf8 28. Rxf8+ Qxf8 29. Qg6 Kd7 30. Bd2 b6 31. Be1 Qe7 32. Kb1 Kc6 33. Bh4
1/2-1/2

[Event "2FoglarVeterans_GM_A"]
[Site "?"]
[Date "2006.??.??"]
[Round "?"]
[White "Ciesielski, Stefan (POL)"]
[Black "Rufenacht, Matthias (SUI)"]
[Result "1/2-1/2"]
[WhiteElo "2571"]
[BlackElo "2387"]
[PlyCount "48"]
[EventDate "2006.??.??"]
[EventType "corr"]

1. c4 c5 2. Nf3 Nc6 3. Nc3 f5 4. d4 cxd4 5. Nxd4 g6 6. g3 Bg7 7. e3 b6 8. Bg2
Bb7 9. O-O Nf6 10. b3 O-O 11. Bb2 Qb8 12. Nf3 Rd8 13. Ne2 e6 14. Nf4 Re8 15.
Rc1 Qc7 16. Re1 Rac8 17. Rc2 Ne4 18. Bxg7 Kxg7 19. Nd4 Nxd4 20. exd4 Nf6 21.
Bxb7 Qxb7 22. Nd3 Ne4 23. f3 Ng5 24. Kg2 Kg8 1/2-1/2

[Event "2FoglarVeterans_GM_A"]
[Site "?"]
[Date "2006.??.??"]
[Round "?"]
[White "Bures, Jilji"]
[Black "Schuster, Peter (GER)"]
[Result "1/2-1/2"]
[WhiteElo "2439"]
[BlackElo "2454"]
[PlyCount "101"]
[EventDate "2006.??.??"]
[EventType "corr"]

1. e4 e5 2. Nf3 Nc6 3. Bb5 a6 4. Ba4 Nf6 5. O-O b5 6. Bb3 Bb7 7. Re1 Bc5 8. c3
O-O 9. d4 Bb6 10. Be3 exd4 11. cxd4 Na5 12. d5 Bxe3 13. Rxe3 Re8 14. Nbd2 c6
15. dxc6 dxc6 16. e5 Nxb3 17. Nxb3 Ng4 18. Re2 c5 19. Qxd8 Raxd8 20. Nxc5 Bxf3
21. gxf3 Nxe5 22. Kg2 Ng6 23. Rxe8+ Rxe8 24. Nxa6 Re2 25. b3 Nf4+ 26. Kf1 Rb2
27. a4 bxa4 28. bxa4 Nh3 29. a5 Rxf2+ 30. Ke1 Rxh2 31. Ra3 Nf4 32. Nc7 Re2+ 33.
Kf1 Rc2 34. Nb5 Rc1+ 35. Kf2 Rc2+ 36. Ke1 Rc1+ 37. Kd2 Rc8 38. a6 Ne6 39. a7
Ra8 40. f4 g6 41. Ra6 Kg7 42. Ke3 h5 43. Kf3 Kh7 44. Kg3 Kg7 45. Rb6 Nc7 46.
Rb8 Kf6 47. Nxc7 Rxa7 48. Nd5+ Kg7 49. Rb3 Ra5 50. Rd3 g5 51. fxg5 1/2-1/2

[Event "2FoglarVeterans_GM_A"]
[Site "?"]
[Date "2006.??.??"]
[Round "?"]
[White "Morais, Gustavo (POR)"]
[Black "Bures, Jilji"]
[Result "1/2-1/2"]
[WhiteElo "2365"]
[BlackElo "2439"]
[PlyCount "67"]
[EventDate "2006.??.??"]
[EventType "corr"]

1. e4 c5 2. Nf3 Nc6 3. d4 cxd4 4. Nxd4 Nf6 5. Nc3 e5 6. Ndb5 d6 7. Nd5 Nxd5 8.
exd5 Nb8 9. Bd3 Be7 10. Qh5 Nd7 11. c4 Nf6 12. Qf3 O-O 13. O-O Ne8 14. Bd2 f5
15. Qh3 g5 16. Rac1 g4 17. Qh6 Rf6 18. Qe3 f4 19. Qe1 Rh6 20. c5 Bf8 21. g3 Qg5
22. h4 gxh3 23. Kh2 Bf5 24. Rg1 Bxd3 25. gxf4 Qg2+ 26. Rxg2+ hxg2+ 27. Kxg2
Rg6+ 28. Kh1 Nf6 29. f5 Be4+ 30. Kh2 Ng4+ 31. Kg3 Bxf5 32. f3 Ne3+ 33. Kh2 Rh6+
34. Kg1 1/2-1/2

[Event "2FoglarVeterans_GM_A"]
[Site "?"]
[Date "2006.??.??"]
[Round "?"]
[White "Brousek, Jiri"]
[Black "Sage, Francois (FRA)"]
[Result "1/2-1/2"]
[WhiteElo "2353"]
[BlackElo "2454"]
[PlyCount "115"]
[EventDate "2006.??.??"]
[EventType "corr"]

1. d4 Nf6 2. Nf3 d5 3. e3 e6 4. Bd3 c5 5. b3 Nc6 6. O-O Bd6 7. dxc5 Bxc5 8. Bb2
O-O 9. Nbd2 b6 10. a3 Bb7 11. b4 Be7 12. c4 dxc4 13. Bxc4 a6 14. Qb1 Rc8 15.
Bd3 Qc7 16. Rc1 Qb8 17. Ne4 Nxe4 18. Bxe4 h6 19. Bc3 Rfd8 20. Bh7+ Kh8 21. Bc2
Bd6 22. Qb2 e5 23. Rd1 f6 24. Nh4 Ne7 25. Nf5 Qc7 26. Rac1 e4 27. Nxd6 Rxd6 28.
Rxd6 Qxd6 29. Bd1 Qd7 30. h3 Rc6 31. Bh5 Qd8 32. Be2 Qc8 33. Bg4 Qc7 34. Qd2
Bc8 35. Bh5 Be6 36. Bb2 Rxc1+ 37. Bxc1 Nc8 38. Bb2 Nd6 39. Qd4 Qc6 40. a4 Kh7
41. a5 bxa5 42. bxa5 Nc4 43. Bc3 Ne5 44. Bd1 Bc4 45. Kh2 Bd5 46. Ba4 Qc7 47.
Kg1 Qc4 48. Qxc4 Bxc4 49. Kh2 Kg6 50. Bxe5 fxe5 51. Bc6 Bd3 52. Kg3 Kf6 53. Kg4
g6 54. Kh4 Bc2 55. Bb7 Bd3 56. g4 Kg7 57. g5 Kh7 58. Bc6 1/2-1/2

[Event "2FoglarVeterans_GM_A"]
[Site "?"]
[Date "2006.??.??"]
[Round "?"]
[White "Rufenacht, Matthias (SUI)"]
[Black "Ward, Richard (ENG)"]
[Result "1/2-1/2"]
[WhiteElo "2387"]
[BlackElo "2415"]
[PlyCount "77"]
[EventDate "2006.??.??"]
[EventType "corr"]

1. e4 e5 2. Nf3 Nc6 3. Bb5 Nf6 4. O-O Nxe4 5. d4 Nd6 6. Bxc6 dxc6 7. dxe5 Nf5
8. Qxd8+ Kxd8 9. Nc3 h6 10. Rd1+ Ke8 11. h3 Ne7 12. Be3 Ng6 13. Ne2 Be6 14.
Ned4 Bd5 15. b3 Ba3 16. c4 Be4 17. Bc1 Bxc1 18. Raxc1 Rd8 19. Re1 Bxf3 20. Nxf3
Ke7 21. Re4 c5 22. Kf1 a5 23. Rce1 Ke6 24. h4 Rhe8 25. h5 Ne7 26. Ng1 Rd4 27.
Rxd4 cxd4 28. Ne2 Nc6 29. g4 Nxe5 30. Nxd4+ Kd7 31. f3 c5 32. Nf5 Nxf3 33. Rxe8
Kxe8 34. Kf2 Ne5 35. Nxg7+ Kf8 36. Nf5 Nxg4+ 37. Kg3 Nf6 38. Nd6 b6 39. Kh4
1/2-1/2

[Event "2FoglarVeterans_GM_A"]
[Site "?"]
[Date "2006.??.??"]
[Round "?"]
[White "Schakel, Corky (USA)"]
[Black "Rufenacht, Matthias (SUI)"]
[Result "1-0"]
[WhiteElo "2392"]
[BlackElo "2387"]
[PlyCount "99"]
[EventDate "2006.??.??"]
[EventType "corr"]

1. e4 c5 2. Nf3 Nc6 3. Bb5 g6 4. O-O Bg7 5. c3 Nf6 6. Re1 a6 7. Bxc6 dxc6 8. h3
Qd3 9. Ne5 Qd6 10. d4 cxd4 11. cxd4 Nd7 12. Nf3 e5 13. Nc3 O-O 14. d5 cxd5 15.
Qxd5 Qxd5 16. Nxd5 b5 17. Bd2 Nc5 18. Red1 Ne6 19. Ng5 Nxg5 20. Bxg5 f6 21. Be3
Bb7 22. Ne7+ Kh8 23. f3 a5 24. Rac1 Rfd8 25. Rxd8+ Rxd8 26. Rc5 Bf8 27. Rxb5
Rd1+ 28. Kf2 Bxe4 29. fxe4 Bxe7 30. Rxa5 Rb1 31. Rb5 Ra1 32. Rb7 Bf8 33. a3 h5
34. h4 Kg8 35. Kf3 f5 36. Rb5 Bg7 37. g3 Rf1+ 38. Ke2 Ra1 39. Bd2 fxe4 40. Rb8+
Kf7 41. Rb7+ Kg8 42. Bc3 Kf8 43. Rc7 Bh6 44. Rc4 e3 45. Bxe5 Rg1 46. Re4 Rg2+
47. Kd3 Bg7 48. Bxg7+ Kxg7 49. b4 Rxg3 50. a4 1-0

[Event "2FoglarVeterans_GM_A"]
[Site "?"]
[Date "2006.??.??"]
[Round "?"]
[White "Sage, Francois (FRA)"]
[Black "Olsen, Svein (NOR)"]
[Result "1/2-1/2"]
[WhiteElo "2454"]
[BlackElo "2428"]
[PlyCount "61"]
[EventDate "2006.??.??"]
[EventType "corr"]

1. d4 d5 2. c4 dxc4 3. Nf3 e6 4. e3 a6 5. Bxc4 c5 6. O-O Nf6 7. Qe2 b5 8. Bd3
cxd4 9. exd4 Bb7 10. Rd1 Be7 11. a4 b4 12. Bg5 Nd5 13. Be3 Nd7 14. Nbd2 O-O 15.
Nb3 Nxe3 16. fxe3 a5 17. Rac1 Bd5 18. Nbd2 Rc8 19. e4 Rxc1 20. Rxc1 Bb7 21. Nb3
Qb6 22. Kh1 Bc6 23. Ra1 Rc8 24. Nfd2 Qd8 25. Qf3 Nb6 26. Nxa5 Bxa4 27. Rf1 Be8
28. Nab3 f6 29. Qe2 Bg6 30. Nf3 Bh5 31. Qe3 1/2-1/2